00450nam a2200181 a 4500001001300000003000900013005001700022008004100039020001000080082001900090100002000109245001500129260004500144300000900189500003500198650001500233700002000248nice12345678IN_TiNIC20260116015312.0070726s1957 cala grp 000 0 eng  ac10000a294.59218bPRA aPrabhavananda,  aUpanishads aCalifornia bNew American Library c1957 a128p aincludes index and biblioraphy aUpanishads1 aPrabhavananda,